Modern Machining Processes (Record no. 5098)

MARC details
000 -LEADER
fixed length control field 00331nam a2200145Ia 4500
008 - FIXED-LENGTH DATA ELEMENTS--GENERAL INFORMATION
fixed length control field 191201s2011 xx 000 0 und d
082 ## - DEWEY DECIMAL CLASSIFICATION NUMBER
Classification number 621.8
Item number PAM
100 ## - MAIN ENTRY--PERSONAL NAME
Personal name PANDEY,P.C
245 #0 - TITLE STATEMENT
Title Modern Machining Processes
250 ## - EDITION STATEMENT
Edition statement Rep
260 ## - PUBLICATION, DISTRIBUTION, ETC. (IMPRINT)
Place of publication, distribution, etc N. Delhi
Name of publisher, distributor, etc TMH
Date of publication, distribution, etc 2011
300 ## - PHYSICAL DESCRIPTION
Extent 168
650 ## - SUBJECT ADDED ENTRY--TOPICAL TERM
Topical term or geographic name as entry element M.Tech (ME)
942 ## - ADDED ENTRY ELEMENTS (KOHA)
Source of classification or shelving scheme Dewey Decimal Classification
Koha item type Text Books
Holdings
Withdrawn status Lost status Source of classification or shelving scheme Damaged status Not for loan Collection code Home library Current library Date acquired Source of acquisition Cost, normal purchase price Bill Number Total Checkouts Full call number Acc. no. / Barcode Date last seen Date last borrowed Bill Date Koha item type
    Dewey Decimal Classification     B.Tech(ME) PIET C-LIBRARY PIET C-LIBRARY 26/11/2011 Valley Book House 295.00 261 1 621.8 PAM 18636 14/12/2019 05/12/2019 21/11/2011 Text Books
    Dewey Decimal Classification     B.Tech(ME) PIET C-LIBRARY PIET C-LIBRARY 26/11/2011 Valley Book House 295.00 261 1 621.8 PAM 18637 18/12/2019 05/12/2019 21/11/2011 Text Books
    Dewey Decimal Classification     B.Tech(ME) PIET C-LIBRARY PIET C-LIBRARY 26/11/2011 Valley Book House 295.00 261   621.8 PAM 18638 19/12/2019   21/11/2011 Text Books
    Dewey Decimal Classification     B.Tech(ME) PIET C-LIBRARY PIET C-LIBRARY 26/11/2011 Valley Book House 295.00 261   621.8 PAM 18639 16/12/2019   21/11/2011 Text Books
    Dewey Decimal Classification     B.Tech(ME) PIET C-LIBRARY PIET C-LIBRARY 26/11/2011 Valley Book House 295.00 261   621.8 PAM 18640 27/12/2019   21/11/2011 Text Books

Design & Developed by: PIET Central Library
R70 Miles Stone Pattikalyana Samalkha Panipat 132102
mail ID :- [email protected], Phone No:- 0180-2569700 Ex.216